|
|
|
|
| LEADER |
00986cam a2200349 i 4500 |
| 001 |
000045782 |
| 003 |
4979 |
| 005 |
20030304141253.0 |
| 008 |
010220|1996 vm 000 eng |
| 020 |
|
|
|a 0226816273
|
| 040 |
|
|
|a IRC
|c IRC
|d IRC
|
| 041 |
0 |
|
|a eng
|
| 082 |
1 |
4 |
|a 808.066
|b TU-K
|
| 100 |
1 |
|
|a Turabian, Kate L.
|
| 245 |
0 |
2 |
|a A manual for writers of term papers, theses, and dissertations /
|c Kate L. Turabian.
|
| 250 |
|
|
|a 6th ed.
|
| 260 |
|
|
|a Chicago :
|b Chicago University Press,
|c 1996.
|
| 300 |
|
|
|a ix, 308p. :
|b ill., 1 maps.
|
| 630 |
0 |
4 |
|a Academic dissertations.
|
| 630 |
0 |
4 |
|a Academic writings.
|
| 650 |
0 |
4 |
|a Dissertations, Academic
|v Handbooks, manuals, etc..
|
| 650 |
0 |
4 |
|a Academic writing
|v Handbooks, manuals, etc.
|
| OWN |
|
|
|a DUT
|
| 999 |
|
|
|a From the UDN01
|
| TYP |
|
|
|a Monograph
|
| TYP |
|
|
|a Printed language
|
| 980 |
|
|
|a Mạng thư viện Đại học Đà Nẵng
|